Statystyki dla Skład Newcastle w Premier League 2023/24

Kliknij tutaj aby rozwiązać quiz!

Ogólne statystyki

  • Ten quiz został rozwiązany 31 razy
  • Średni wynik to 13 z 30

Statystyki odpowiedzi

HintOdpowiedź% Poprawnych
14Alexander Isak
96%
2Kieran Trippier
92%
7Joelinton
88%
39Bruno Guimaraes
84%
22Nick Pope
84%
9Callum Wilson
80%
1Martin Dubravka
80%
5Fabian Schar
76%
24Miguel Almiron
76%
4Sven Botman
72%
27Matty Longstaff
60%
36Sean Longstaff
60%
33Dan Burn
48%
28Joe Willock
44%
6Jamaal Lascelles
40%
13Matt Targett
36%
23Jacob Murphy
32%
3Paul Dummett
24%
32Elliot Anderson
16%
19Javier Manquillo
16%
17Emil Krafth
12%
11Matt Ritchie
12%
10Allan Saint-Maximin
8%
8Jonjo Shelvey
8%
29Mark Gillespie
8%
21Ryan Fraser
8%
12Jamal Lewis
4%
20Chris Wood
0%
18Federico Fernandez
0%
26Karl Darlow
0%

Rozkład punktacji

Percentyl według liczby udzielonych odpowiedzi

Procent ludzi z każdym wynikiem

Twoja historia wyników

Nie rozwiązałeś tego quizu